Caleta de sabores: un rescate del patrimonio culinario costero de la Región de Valparaíso
Tallennettuna:
| Päätekijät: | , , , |
|---|---|
| Aineistotyyppi: | Kirja |
| Kieli: | espanja |
| Julkaistu: |
Valparaíso
Consejo Nacional de la Cultura y las Artes
2013
|
| Painos: | 1a. ed |
| Aiheet: | |
| Tagit: |
Lisää tagi
Ei tageja, Lisää ensimmäinen tagi!
|
MARC
| LEADER | 00000cam a2200000 a 4500 | ||
|---|---|---|---|
| 001 | UCF9682 | ||
| 003 | CL-VaPUC | ||
| 008 | 131206e20131000cl |||||||||||||||||spa|d | ||
| 020 | |a 9789563533774 | ||
| 082 | 0 | 4 | |a 641 |b GEN |2 21 |
| 100 | |a Gentschev, Alicia |e author |9 572045 | ||
| 700 | 0 | |a Moscoso, Andrés |e author |9 572046 | |
| 700 | 0 | |a Carstens, Carolina |e author |9 572047 | |
| 700 | 0 | |a Muller, Karin |e author |9 572048 | |
| 245 | 1 | 0 | |a Caleta de sabores: un rescate del patrimonio culinario costero de la Región de Valparaíso |
| 250 | |a 1a. ed | ||
| 300 | |a 118 p | ||
| 942 | |c BK | ||
| 945 | |d 20131206 11:14:00 |a dcastane | ||
| 260 | |a Valparaíso |b Consejo Nacional de la Cultura y las Artes |c 2013 | ||
| 650 | 0 | |a Cocina |9 328037 | |
| 650 | 0 | |a Gastronomía |9 324668 | |
| 650 | 0 | |a Patrimonio cultural |9 309364 | |
| 583 | |a last modification |c 20131206 11:14:00 |k Rodrigo Vera | ||
| 999 | |c 354097 |d 354095 | ||
| 952 | |0 0 |1 0 |3 erb |4 0 |6 641_000000000000000_GEN_2013 |7 0 |8 C |9 459750 |a BIBCUR |b BIBCUR |i 5030668 |l 2 |o 641 GEN 2013 |p 5030668 |r 2025-04-22 |s 2024-07-31 |w 2019-11-23 |y BK |z Catalogado en:20131206 |k CAC | ||